|
|
|
|
| LEADER |
00000nab a2200000 a 4500 |
| 001 |
vtls000857555 |
| 003 |
SK-MaSNL |
| 005 |
20260303212349.0 |
| 008 |
160405c2002 xo 0 eng |
| 015 |
|
|
|a SNBRB2003/12-ccccc
|
| 035 |
|
|
|a CLN000209209
|
| 040 |
|
|
|a SNKBUCL
|b slo
|c SNKBUCL
|e AACR2
|
| 041 |
0 |
|
|a eng
|
| 044 |
|
|
|a xo
|c SK
|
| 080 |
|
|
|a 577.175.6:636.32:636.082:061.3
|2 1997
|
| 100 |
1 |
|
|a Krajničáková, Mária
|4 aut
|9 13071
|
| 245 |
1 |
0 |
|a Relation between uterine and ovary weight and ovary hormone level after treating the ewe in early puerperium
|c M. Krajničáková, J. Danko, I. Maraček
|
| 650 |
0 |
7 |
|a estradiol
|2 MESH
|9 16541
|
| 650 |
0 |
7 |
|a progesterón
|2 MESH
|9 19056
|
| 650 |
0 |
7 |
|a ovca
|2 MESH
|9 1245054
|
| 650 |
0 |
7 |
|a puerperium
|x účinky liekov
|2 MESH
|9 1245055
|
| 650 |
0 |
7 |
|a oxytociká
|2 MESH
|9 1245056
|
| 650 |
0 |
7 |
|a vaječníky
|2 MESH
|9 120941
|
| 650 |
0 |
7 |
|a abstrakty z kongresu
|2 MESH
|9 168204
|
| 655 |
|
7 |
|a články z novín a časopisov
|2 snkbucl
|9 267496
|
| 700 |
1 |
|
|a Danko, Ján,
|d 1951-
|4 aut
|9 192508
|
| 700 |
1 |
|
|a Maraček, Imrich,
|d 1941-2021
|4 aut
|9 237101
|
| 711 |
2 |
|
|a Moravské morfologické dni
|n (3. :
|d 2001 :
|c Brno, Česko)
|4 aut
|9 240190
|
| 773 |
0 |
|
|x 1211-3395
|t Scripta medica
|g Vol. 75, no. 6 (2002), s. 330
|
| 850 |
|
|
|a Slovenská národná knižnica v Martine
|
| 852 |
|
|
|a SNK
|b KIS3GCP
|
| 958 |
|
|
|a MI
|
| 958 |
|
|
|a RBX
|
| 999 |
|
|
|c 2206913
|d 2208843
|